000 00395nam a22001457a 4500
999 _c7685
_d7683
005 20210319120118.0
008 210319b ||||| |||| 00| 0 eng d
082 _a346.066
100 _aAIYAR, A.N.
_96466
245 _aCOMPANY CASES THE CORPORATE LAW WEEKLY [VOL-169]
260 _aCHENNAI
_bCOMPANY LAW INSTITUTE OF INDIA
_c2012
300 _a888, i-xvi;p
650 _aLAW
_95701
942 _cJRL